000
00313nam a2200121Ia 4500
008
190216s9999||||xx |||||||||||||| ||und||
100
_a
Saxena
245
0
_a
Geography For Civil Services Preliminary Examination
260
_b
Young Man & Co
_c
1985
300
_a
183p
650
_a
Civil Service Exam
942
_c
REF
999
_c
35569
_d
35569